000 00214 a2200097 4500
001 13806
100 _aSchenkmon E
245 _aGroup Theory
260 _aNew York
_bVan Nostrand Reinhold
_c
090 _c10789
_d10789
942 _aNUST-CAE
_cM
_c879
999 _c248879
_d248879